|
|
|
|
| LEADER |
00000nkm a2200000 a 4500 |
| 001 |
vtls011784848 |
| 003 |
SK-MaSNL |
| 005 |
20260512122324.0 |
| 007 |
kp bo |
| 008 |
230718q1905 xo g kuslo |
| 015 |
|
|
|a SNBG
|
| 035 |
|
|
|a urn:nbn:sk:snk-km00dpr4
|
| 035 |
|
|
|a urn:nbn:sk:snk-km3lxjp
|
| 035 |
|
|
|a EE184CCF-3EFD-4016-BB6D-82F5FFAC6FA2
|
| 040 |
|
|
|a SNK
|b slo
|c SNK
|e AACR2
|
| 041 |
0 |
|
|a slo
|
| 043 |
|
|
|a e-xo---
|
| 044 |
|
|
|a xo
|c SK
|
| 072 |
|
7 |
|a 913
|x Regionálna geografia
|2 konspekt
|
| 080 |
|
|
|a 913(437.6)
|2 2011
|
| 080 |
|
|
|a 72
|2 2011
|
| 080 |
|
|
|a 904(084.121)
|2 2011
|
| 245 |
0 |
0 |
|a Sp. Podhradie
|h grafika
|b Spišská Kapitula
|
| 246 |
3 |
3 |
|a Spišské Podhradie
|b Spišská Kapitula
|
| 260 |
|
|
|a [Slovensko?]
|b [vydavateľ neznámy]
|c [medzi 1905 a 1973?]
|
| 300 |
|
|
|a 1 pohľadnica
|b čiernobiela
|c 9 x 14 cm
|
| 500 |
|
|
|a Názvové údaje prevzaté z obrazovej časti pohľadnice
|
| 520 |
8 |
|
|a Zobrazenie: V bielom orámovaní pohľad z trávnika zboku na katedrálu, okolo ktorej stojí múr
|
| 610 |
2 |
7 |
|a Katedrála sv. Martina (Spišská Kapitula, Spišské Podhradie, Slovensko)
|2 SNKKA
|9 36247
|
| 650 |
0 |
7 |
|a katedrály
|2 SNKPH
|9 3032
|
| 651 |
|
7 |
|a Spišská Kapitula (Spišské Podhradie, Slovensko)
|2 SNKPHgeo
|9 23020
|
| 655 |
|
7 |
|a miestne pohľadnice
|2 SNKPH
|9 70510
|
| 655 |
|
7 |
|a pohľadnice kultúrnych pamiatok
|2 SNKPH
|9 70523
|
| 852 |
|
|
|a Slovenská národná knižnica
|
| 954 |
|
|
|a pohľadnice pôvodné (slovenské)
|2 lita
|
| 958 |
|
|
|a OND
|
| 958 |
|
|
|a GBN
|
| 958 |
|
|
|a GC
|
| 958 |
|
|
|a EUIPO
|
| 999 |
|
|
|c 599613
|d 601543
|
| 952 |
|
|
|a SNK
|b SNK
|y PREZ
|7 0
|p 17A1244408
|o snkSP 34067
|0 0
|1 0
|4 0
|d 2018-10-12
|f 1
|l 0
|r 2026-02-23 15:50:42
|w 2026-02-23
|